| 000 | 00399pam a2200133a 44500 | ||
|---|---|---|---|
| 008 | 230405s xxu||||| |||| 00| 0 eng d | ||
| 041 | _aENG | ||
| 100 | _aRASTOGI RAM/ MEHROTRA B | ||
| 245 | _aCOMPEDIUM OF INDIAN MEDICINAL PLANTS VOL 2 ,19701979 | ||
| 250 | _a2 1999 | ||
| 260 |
_aNEW DELHI _bNATIONAL INSTITUTE OF SCIENCE COMMUNICATION AND IN NEW DELHI _c |
||
| 650 | _aPHARMACOGNOSY | ||
| 906 | _a1250 | ||
| 999 |
_c276521 _d276521 |
||